000 01235nam a2200313 a 4500
001 ebr10369697
003 CaPaEBR
006 m u
007 cr cn|||||||||
008 100331s1997 enka sb 001 0 eng d
020 _z076195256X
020 _z0761952578 (pbk.)
020 _z9780761952565
020 _z9780857021939 (e-book)
040 _aCaPaEBR
_cCaPaEBR
035 _a(OCoLC)607528258
050 1 4 _aP96.I5
_bM69 1997eb
100 1 _aMowlana, Hamid,
_d1937-
245 1 0 _aGlobal information and world communication
_h[electronic resource] :
_bnew frontiers in international relations /
_cHamid Mowlana.
250 _a2nd ed.
260 _aLondon :
_bSAGE Publications,
_c1997.
300 _axiii, 269 p. :
_bill.
504 _aIncludes bibliographical references (p. [247]-260) and index.
533 _aElectronic reproduction.
_bPalo Alto, Calif. :
_cebrary,
_d2010.
_nAvailable via World Wide Web.
_nAccess may be limited to ebrary affiliated libraries.
650 0 _aCommunication, International.
655 7 _aElectronic books.
_2local
710 2 _aebrary, Inc.
856 4 0 _uhttp://site.ebrary.com/lib/rucke/Doc?id=10369697
_zAn electronic book accessible through the World Wide Web; click to view
999 _c109557
_d109557